| 000 | 00640nam a2200193 i 4500 | ||
|---|---|---|---|
| 001 | 21043 | ||
| 003 | ES-MaACL | ||
| 005 | 20251014063049.0 | ||
| 007 | t| | ||
| 008 | 021120s1894 sp ||||1| spa d | ||
| 100 | 1 |
_aAgacino y Martínez, Eugenio, _d1851-1924 _918526 |
|
| 245 | 1 | 0 |
_aCartilla de máquinas de vapor para uso del personal de la Compañía Trasatlántica / _cpor Eugenio Agacino. |
| 250 | _a2ª ed. corr. y aum. | ||
| 260 |
_aCádiz : _b[s.n.], _c1894 ( _fTip. Gaditana) |
||
| 300 |
_a184 p. : _bil. ; _c21 cm. |
||
| 650 | 4 |
_aMáquinas de vapor. _9136563 |
|
| 852 |
_aES-MaACL _jT-715-F-6 |
||
| 999 |
_c21043 _d21043 |
||